Les fréres Goncourt (Record no. 33397)
[ view plain ]
| 000 -LEADER | |
|---|---|
| campo de control de longitud fija | 00744nam a2200217 i 4500 |
| 001 - NÚMERO DE CONTROL | |
| campo de control | 33397 |
| 003 - IDENTIFICADOR DE NÚMERO DE CONTROL | |
| campo de control | ES-MaACL |
| 005 - FECHA Y HORA DE LA ÚLTIMA TRANSACCIÓN | |
| campo de control | 20250902125913.0 |
| 007 - CAMPO FIJO DE DESCRIPCIÓN FÍSICA--INFORMACIÓN GENERAL | |
| campo de control de longitud fija | t| |
| 008 - DATOS DE LONGITUD FIJA--INFORMACIÓN GENERAL | |
| campo de control de longitud fija | 030202s1954 fr ||||1| fre d |
| 100 0# - ENTRADA PRINCIPAL--NOMBRE DE PERSONA | |
| Nombre de persona | Billy, André, |
| Fechas asociadas al nombre | 1882-1971 |
| 9 (RLIN) | 28895 |
| 245 14 - MENCIÓN DEL TÍTULO | |
| Título | Les fréres Goncourt |
| Resto del título | : le vie litteraire a Paris pendant la senconde moitié du XIX siécle / |
| Mención de responsabilidad, etc. | André Billy. |
| 260 ## - PUBLICACIÓN, DISTRIBUCIÓN, ETC. | |
| Lugar de publicación, distribución, etc. | Paris : |
| Nombre del editor, distribuidor, etc. | Flammarion, |
| Fecha de publicación, distribución, etc. | [1954] ( |
| Lugar de fabricación/manufactura | Lagny) |
| 300 ## - DESCRIPCIÓN FÍSICA | |
| Extensión | 518 p. ; |
| Dimensiones | 21 cm. |
| 490 1# - MENCIÓN DE SERIE | |
| Mención de serie | Les grandes biographies |
| 600 14 - PUNTO DE ACCESO ADICIONAL DE MATERIA--NOMBRE DE PERSONA | |
| Nombre de persona | Goncourt, Edmond de, |
| Fechas asociadas al nombre | 1822-1896 |
| 9 (RLIN) | 127377 |
| 600 14 - PUNTO DE ACCESO ADICIONAL DE MATERIA--NOMBRE DE PERSONA | |
| Nombre de persona | Goncourt, Jules de, |
| Fechas asociadas al nombre | 1830-1870 |
| 9 (RLIN) | 58231 |
| 830 0# - PUNTO DE ACCESO ADICIONAL DE SERIE-TÍTULO UNIFORME | |
| Título uniforme | Les grandes biographies |
| 9 (RLIN) | 229451 |
| 852 ## - LOCALIZACIÓN | |
| Ubicación | ES-MaACL |
| Número de control de estantería | C-9134 |
| Sublocalización o colección | R.37295 |
| Estatus retirado | Estado de pérdida | Estado de daño | No para préstamo | Biblioteca de origen | Biblioteca actual | Ubicación en estantería | Fecha de adquisición | Fuente de adquisición | Total de préstamos | Signatura topográfica completa | Código de barras | Visto por última vez | Precio de reemplazo | Tipo de ítem Koha |
|---|---|---|---|---|---|---|---|---|---|---|---|---|---|---|
| Biblioteca del Ateneo de Madrid | Biblioteca del Ateneo de Madrid | Sala Palomar | 17/01/2008 | C-9134 | 1034739 | 23/02/2023 | 23/02/2023 | Libro impreso |
